Commercial and residential property (Record no. 105977)
[ view plain ]
| 000 -LEADER | |
|---|---|
| fixed length control field | 01709cam a2200205 4500 |
| 001 - CONTROL NUMBER | |
| control field | ##L135276 |
| 008 - FIXED-LENGTH DATA ELEMENTS--GENERAL INFORMATION | |
| fixed length control field | 061010n2006 000 0 eng u |
| 035 ## - SYSTEM CONTROL NUMBER | |
| System control number | (Sirsi) u135276 |
| 041 0# - LANGUAGE CODE | |
| Language code of text/sound track or separate title | eng |
| 100 1# - MAIN ENTRY--PERSONAL NAME | |
| Personal name | Maxwell, Estelle |
| 245 00 - TITLE STATEMENT | |
| Title | Commercial and residential property |
| Remainder of title | a guide for the private investor |
| -- | 2006 |
| 260 3# - PUBLICATION, DISTRIBUTION, ETC. | |
| Place of publication, distribution, etc. | London |
| Name of publisher, distributor, etc. | Estates Gazette Group |
| Date of publication, distribution, etc. | 2006 |
| 505 1# - FORMATTED CONTENTS NOTE | |
| Formatted contents note | What to buy -- Building your portfolio: how to plan a strategy for property acquisition -- How to read the market: tips for identifying growth areas -- Your financial strategy: making the right choices for your financial situation -- Getting a valuation: the role of valuation and factors affecting market value -- How to buy it -- Sourcing property: routes for purchase and why due diligence is important -- Tips for buying at auction: preparation ahead and etiquette in the room -- Funding a purchase: borrowing advice for buy-to-letters -- Tax-effective ownership: purchase through a pension plan and REITs -- How to be a property owner -- Legal duties: what commercial landlords need to know -- Planning ahead for tax: how not to get caught out by your tax obligations -- Basic property management: keep tenants happy and the rent paid on time -- Development potential: redevelopment, refurbishment and when to sell |
| 520 ## - SUMMARY, ETC. | |
| Summary, etc. | Produced by Allsop and Estates Gazette, concentrates on the issues surrounding owning property including how to manage it, how to improve it and what to do if things go wrong. |
| 590 ## - LOCAL NOTE (RLIN) | |
| Local note | IKA171006 NTK |
| 651 #4 - SUBJECT ADDED ENTRY--GEOGRAPHIC NAME | |
| Geographic name | United Kingdom |
| Chronological subdivision | |
| 690 ## - LOCAL SUBJECT ADDED ENTRY--TOPICAL TERM (OCLC, RLIN) | |
| Topical term or geographic name as entry element | PROPERTY-INVESTMENT PROPERTY |
| 856 40 - ELECTRONIC LOCATION AND ACCESS | |
| Uniform Resource Identifier | <a href="https://www.allsop.co.uk">https://www.allsop.co.uk</a> |
| Public note | View the item free of charge at www.allsop.co.uk... |
| 942 ## - ADDED ENTRY ELEMENTS (KOHA) | |
| Suppress in OPAC | 0 |
| Withdrawn status | Lost status | Source of classification or shelving scheme | Damaged status | Not for loan | Home library | Current library | Shelving location | Date acquired | Total Checkouts | Full call number | Barcode | Date last seen | Copy number | Price effective from | Koha item type |
|---|---|---|---|---|---|---|---|---|---|---|---|---|---|---|---|
| Dewey Decimal Classification | Virtual | Virtual | Online | 10/10/2006 | ONLINE PUBLICATION | 135276-1001 | 06/08/2019 | 1 | 06/08/2019 | Book |